000 00549nam a2200193Ia 4500
008 230125s9999 xx 000 0 und d
020 _a978-81-7223-780-6
041 _aeng
082 _a920.650
_bBHA
100 _aBhargava R C
_9113484
245 _aThe Maruti Story
_bHow a Public Sector Company put India on Wheels
260 _c2010
_bHarper Collins Publishers
_aUttar Pradesh
300 _a383p
500 _aCompany profile
650 _aCompany Profile
700 _aBhargava R C
_9113484
906 _b100
999 _c90621
_d90621